Score 0/56 Timer 10:00
0 Plays Today
Year Actress % Correct
2012Nicole Kidman
100%
2017Nicole Kidman
100%
2013Jessica Lange
98.8%
2014Jessica Lange
98.8%
2014Sarah Paulson
98.8%
2015Jessica Lange
98.8%
2016Sarah Paulson
98.8%
2017Jessica Lange
98.8%
2018Sarah Paulson
97.4%
2017Susan Sarandon
96.5%
2019Joey King
95.8%
2019Michelle Williams
95.8%
2017Reese Witherspoon
95.3%
2018Regina King
92.1%
2011Kate Winslet
91.9%
2013Laura Linney
91.9%
2019Amy Adams
91.7%
2012Julianne Moore
89.5%
2013Elisabeth Moss
89.5%
2015Frances McDormand
89.5%
2019Patricia Arquette
87.5%
2010Claire Danes
87.2%
2015Felicity Huffman
87.2%
2016Felicity Huffman
87.2%
2017Felicity Huffman
87.2%
2016Kristen Dunst
86%
2018Jessica Biel
84.2%
2015Queen Latifah
83.7%
Year Actress % Correct
2012Connie Britton
80.2%
2014Helena Bonham Carter
80.2%
2017Carrie Coon
80.2%
2016Kerry Washington
79.1%
2018Laura Dern
78.9%
2018Edie Falco
78.9%
2013Helen Mirren
77.9%
2013Sigourney Weaver
75.6%
2010Maggie Smith
73.3%
2014Cicely Tyson
69.8%
2010Judi Dench
68.6%
2018Michelle Dockery
68.4%
2014Kristen Wiig
67.4%
2015Maggie Gyllenhaal
67.4%
2019Niecy Nash
66.7%
2011Elizabeth McGovern
61.6%
2012Emma Thompson
58.1%
2015Emma Thompson
58.1%
2016Audra McDonald
55.8%
2010Hope Davis
54.7%
2011Diane Lane
53.5%
2016Lili Taylor
52.3%
2019Aunjanue Ellis
50%
2014Minnie Driver
46.5%
2011Taraji P. Henson
45.3%
2010Joan Allen
44.2%
2012Ashley Judd
37.2%
2011Jean Marsh
33.7%
Remove Ads.
Support Sporcle.
Get the best of Sporcle when you Go Orange. This ad-free experience offers more features, more stats, and more fun while also helping to support Sporcle. Thank you for becoming a member.

You're not logged in!

Compare scores with friends on all Sporcle quizzes.
OR
Log In

Show Comments

Extras

Top Quizzes Today


Score Distribution

Your Account Isn't Verified!

In order to create a playlist on Sporcle, you need to verify the email address you used during registration. Go to your Sporcle Settings to finish the process.

Report this User

Report this user for behavior that violates our Community Guidelines.

Details: